000 01261nam a22002897a 4500
001 BD-DhSAU 8634
003 BD-DhSAU
005 20220922101524.0
008 150612b2009 bg a|||| m||| 00| 0 eng d
040 _aBD-DhSAU
082 _222
_a571.92
_bH1197
100 _aHafiz, Tangima Bente
_eRegistration no. # 04-01347
245 _aIntegrated approach for the management of purple blotch Onion caused by Alternaria porri /
_bMS thesis
_cTangima Bente Hafiz
260 _aSher-e-Bangla Agricultural Uniersity :
_bDepartment of Plant Pathology,
_c2009.
300 _aviii, 76 p. :
_bill. ;
_c30 cm.
500 _aMS thesis of Department of Plant Pathology, Faculty of Agriculture, Sher-e-Bangla Agricultural University, Dhaka, Bangladesh
504 _aIncludes bibliographical reference.
590 _aerfat
650 _aPlant Pathology
650 _aIntegrated approach for the management
650 _aPurple blotch
650 _aOnion caused by Alternaria porri
700 _aIslam, Md Rafiqul
_eSuperviser
700 _aChowdhury M Salahuddin M
_eCo-superviser
856 _yOnline Access
_uhttp://archive.saulibrary.edu.bd:8080/xmlui/handle/123456789/4282
942 _2ddc
_cTHESIS
999 _c8634
_d8634